Gaming Quiz

Random Gaming or Video Games Quiz

Oregon Trail: Animals Quiz Stats

 Plays Quiz Updated Nov 3, 2013

Support Sporcle.
Go Orange.
Score 0/7 Timer 03:00
1 Play Today
% Correct
Deer
91.3%
Bison
78.3%
Rabbit
75.6%
Bear
70.2%
Squirrel
63%
Bird
46.8%
Caribou
13%

You're not logged in!

Compare scores with friends on all Sporcle quizzes.
OR
Log In

From the Vault

Click the Doctors

by El_Dandy

They're not actual doctors, they just play one on TV.
Remove Ads.
Support Sporcle.
Get the best of Sporcle when you Go Orange. This ad-free experience offers more features, more stats, and more fun while also helping to support Sporcle. Thank you for becoming a member.

Show Comments

Extras

Top Quizzes Today


Score Distribution

Your Account Isn't Verified!

In order to create a playlist on Sporcle, you need to verify the email address you used during registration. Go to your Sporcle Settings to finish the process.

Report this User

Report this user for behavior that violates our Community Guidelines.

Details: